<?xml version="1.0" encoding="UTF-8"?>
<record
    xmlns:xsi="http://www.w3.org/2001/XMLSchema-instance"
    xsi:schemaLocation="http://www.loc.gov/MARC21/slim http://www.loc.gov/standards/marcxml/schema/MARC21slim.xsd"
    xmlns="http://www.loc.gov/MARC21/slim">

  <leader>02355nam0a2200409   4500</leader>
  <controlfield tag="001">RU\NLR\bibl\1361433</controlfield>
  <controlfield tag="005">20260405160032.0</controlfield>
  <datafield tag="010" ind1=" " ind2=" ">
    <subfield code="a">978-59567-0403-5</subfield>
    <subfield code="b">&#x413;&#x438;&#x43F;&#x43D;&#x43E;&#x437; &#x434;&#x43B;&#x44F; &#x43D;&#x430;&#x447;&#x438;&#x43D;&#x430;&#x44E;&#x449;&#x438;&#x445;. &#x421;&#x43A;&#x440;&#x44B;&#x442;&#x43E;&#x435; &#x443;&#x43F;&#x440;&#x430;&#x432;&#x43B;&#x435;&#x43D;&#x438;&#x435; &#x447;&#x435;&#x43B;&#x43E;&#x432;&#x435;&#x43A;&#x43E;&#x43C;</subfield>
  </datafield>
  <datafield tag="021" ind1=" " ind2=" ">
    <subfield code="a">RU</subfield>
    <subfield code="b">2009-15995</subfield>
    <subfield code="9">946</subfield>
  </datafield>
  <datafield tag="035" ind1=" " ind2=" ">
    <subfield code="a">(nilc)RSL-KNO-004257400</subfield>
  </datafield>
  <datafield tag="035" ind1=" " ind2=" ">
    <subfield code="a">(NLR Aleph) 001353606</subfield>
  </datafield>
  <datafield tag="090" ind1=" " ind2=" ">
    <subfield code="a">936579</subfield>
    <subfield code="c">936579</subfield>
  </datafield>
  <datafield tag="100" ind1=" " ind2=" ">
    <subfield code="a">20090311d2009    |||y0rusy50      ca</subfield>
  </datafield>
  <datafield tag="101" ind1="0" ind2=" ">
    <subfield code="a">rus</subfield>
  </datafield>
  <datafield tag="102" ind1=" " ind2=" ">
    <subfield code="a">RU</subfield>
  </datafield>
  <datafield tag="105" ind1=" " ind2=" ">
    <subfield code="a">a   |||||||||</subfield>
  </datafield>
  <datafield tag="200" ind1="1" ind2=" ">
    <subfield code="a">&#x413;&#x438;&#x43F;&#x43D;&#x43E;&#x437; &#x434;&#x43B;&#x44F; &#x43D;&#x430;&#x447;&#x438;&#x43D;&#x430;&#x44E;&#x449;&#x438;&#x445;</subfield>
    <subfield code="e">&#x441;&#x43A;&#x440;&#x44B;&#x442;&#x43E;&#x435; &#x443;&#x43F;&#x440;&#x430;&#x432;&#x43B;&#x435;&#x43D;&#x438;&#x435; &#x447;&#x435;&#x43B;&#x43E;&#x432;&#x435;&#x43A;&#x43E;&#x43C;</subfield>
    <subfield code="f">&#x410;. &#x424;&#x435;&#x434;&#x43E;&#x442;&#x43E;&#x432;, &#x42D;. &#x41A;&#x43E;&#x433;&#x430;&#x43D;</subfield>
  </datafield>
  <datafield tag="210" ind1=" " ind2=" ">
    <subfield code="a">&#x420;&#x43E;&#x441;&#x442;&#x43E;&#x432;-&#x43D;&#x430;-&#x414;&#x43E;&#x43D;&#x443;</subfield>
    <subfield code="c">&#x412;&#x43B;&#x430;&#x434;&#x438;&#x441;</subfield>
    <subfield code="d">2009</subfield>
  </datafield>
  <datafield tag="215" ind1=" " ind2=" ">
    <subfield code="a">574, [1] &#x441;.</subfield>
    <subfield code="c">&#x438;&#x43B;.</subfield>
    <subfield code="d">21</subfield>
  </datafield>
  <datafield tag="300" ind1=" " ind2=" ">
    <subfield code="a">&#x414;&#x430;&#x43D;. &#x43A;&#x43D;. &#x432;&#x44B;&#x448;&#x43B;&#x430; &#x432; &#x442;&#x440;&#x435;&#x445; &#x432;&#x430;&#x440;&#x438;&#x430;&#x43D;&#x442;&#x430;&#x445; &#x43E;&#x431;&#x43B;.: "&#x423;&#x447;&#x435;&#x431;&#x43D;&#x438;&#x43A; &#x433;&#x438;&#x43F;&#x43D;&#x43E;&#x437;&#x430; &#x434;&#x43B;&#x44F; &#x43D;&#x430;&#x447;&#x438;&#x43D;&#x430;&#x44E;&#x449;&#x438;&#x445;", "&#x41D;&#x43E;&#x432;&#x430;&#x44F; &#x43A;&#x43D;&#x438;&#x433;&#x430; &#x43F;&#x43E; &#x433;&#x438;&#x43F;&#x43D;&#x43E;&#x437;&#x443;", "&#x413;&#x438;&#x43F;&#x43D;&#x43E;&#x437; &#x434;&#x43B;&#x44F; &#x43D;&#x430;&#x447;&#x438;&#x43D;&#x430;&#x44E;&#x449;&#x438;&#x445;"</subfield>
  </datafield>
  <datafield tag="300" ind1=" " ind2=" ">
    <subfield code="a">&#x41D;&#x430; &#x43E;&#x431;&#x43E;&#x440;&#x43E;&#x442;&#x435; &#x442;&#x438;&#x442;. &#x43B;. &#x430;&#x432;&#x442;.: &#x411;&#x430;&#x441;&#x435;&#x43D;&#x43A;&#x43E; &#x421;&#x435;&#x440;&#x433;&#x435;&#x439; &#x41F;&#x435;&#x442;&#x440;&#x43E;&#x432;&#x438;&#x447;, &#x413;&#x43E;&#x440;&#x435;&#x446;&#x43A;&#x430;&#x44F; &#x418;&#x440;&#x438;&#x43D;&#x430; &#x421;&#x435;&#x440;&#x433;&#x435;&#x435;&#x432;&#x43D;&#x430;, &#x41A;&#x43E;&#x433;&#x430;&#x43D; &#x42D;&#x43B;&#x43B;&#x430; &#x412;&#x438;&#x43A;&#x442;&#x43E;&#x440;&#x43E;&#x432;&#x43D;&#x430; [&#x438; &#x434;&#x440;.]</subfield>
  </datafield>
  <datafield tag="320" ind1=" " ind2=" ">
    <subfield code="a">&#x411;&#x438;&#x431;&#x43B;&#x438;&#x43E;&#x433;&#x440;.: &#x441;. 564-566 (35 &#x43D;&#x430;&#x437;&#x432;.)</subfield>
  </datafield>
  <datafield tag="451" ind1=" " ind2="0">
    <subfield code="1">2001#$a&#x423;&#x447;&#x435;&#x431;&#x43D;&#x438;&#x43A; &#x433;&#x438;&#x43F;&#x43D;&#x43E;&#x437;&#x430; &#x434;&#x43B;&#x44F; &#x43D;&#x430;&#x447;&#x438;&#x43D;&#x430;&#x44E;&#x449;&#x438;&#x445;</subfield>
    <subfield code="t">&#x423;&#x447;&#x435;&#x431;&#x43D;&#x438;&#x43A; &#x433;&#x438;&#x43F;&#x43D;&#x43E;&#x437;&#x430; &#x434;&#x43B;&#x44F; &#x43D;&#x430;&#x447;&#x438;&#x43D;&#x430;&#x44E;&#x449;&#x438;&#x445;</subfield>
  </datafield>
  <datafield tag="451" ind1=" " ind2="0">
    <subfield code="1">2001#$a&#x41D;&#x43E;&#x432;&#x430;&#x44F; &#x43A;&#x43D;&#x438;&#x433;&#x430; &#x43F;&#x43E; &#x433;&#x438;&#x43F;&#x43D;&#x43E;&#x437;&#x443;</subfield>
    <subfield code="t">&#x41D;&#x43E;&#x432;&#x430;&#x44F; &#x43A;&#x43D;&#x438;&#x433;&#x430; &#x43F;&#x43E; &#x433;&#x438;&#x43F;&#x43D;&#x43E;&#x437;&#x443;</subfield>
  </datafield>
  <datafield tag="606" ind1="1" ind2=" ">
    <subfield code="a">&#x413;&#x438;&#x43F;&#x43D;&#x43E;&#x437;</subfield>
    <subfield code="j">&#x41F;&#x43E;&#x43F;&#x443;&#x43B;&#x44F;&#x440;&#x43D;&#x44B;&#x435; &#x438;&#x437;&#x434;&#x430;&#x43D;&#x438;&#x44F;</subfield>
    <subfield code="9">929026</subfield>
    <subfield code="3">RU\NLR\auth\6623174</subfield>
  </datafield>
  <datafield tag="606" ind1="1" ind2=" ">
    <subfield code="a">&#x413;&#x438;&#x43F;&#x43D;&#x43E;&#x442;&#x435;&#x440;&#x430;&#x43F;&#x438;&#x44F;</subfield>
    <subfield code="j">&#x41F;&#x43E;&#x43F;&#x443;&#x43B;&#x44F;&#x440;&#x43D;&#x44B;&#x435; &#x438;&#x437;&#x434;&#x430;&#x43D;&#x438;&#x44F;</subfield>
    <subfield code="9">939757</subfield>
    <subfield code="3">RU\NLR\auth\6628848</subfield>
  </datafield>
  <datafield tag="610" ind1="2" ind2=" ">
    <subfield code="a">&#x41F;&#x441;&#x438;&#x445;&#x43E;&#x43B;&#x43E;&#x433;&#x438;&#x44F; -- &#x41E;&#x441;&#x43E;&#x431;&#x44B;&#x435; &#x441;&#x43E;&#x441;&#x442;&#x43E;&#x44F;&#x43D;&#x438;&#x44F; &#x438; &#x44F;&#x432;&#x43B;&#x435;&#x43D;&#x438;&#x44F; &#x43F;&#x441;&#x438;&#x445;&#x438;&#x43A;&#x438; -- &#x413;&#x438;&#x43F;&#x43D;&#x43E;&#x437;. &#x412;&#x43D;&#x443;&#x448;&#x435;&#x43D;&#x438;&#x435;. &#x421;&#x430;&#x43C;&#x43E;&#x432;&#x43D;&#x443;&#x448;&#x435;&#x43D;&#x438;&#x435;</subfield>
  </datafield>
  <datafield tag="686" ind1=" " ind2=" ">
    <subfield code="a">&#x42E;962,0</subfield>
    <subfield code="2">rubbk</subfield>
  </datafield>
  <datafield tag="686" ind1=" " ind2=" ">
    <subfield code="a">&#x420;357.111&#x44F;9</subfield>
  </datafield>
  <datafield tag="686" ind1=" " ind2=" ">
    <subfield code="a">&#x42E;962&#x44F;9</subfield>
  </datafield>
  <datafield tag="700" ind1=" " ind2="1">
    <subfield code="4">070</subfield>
    <subfield code="8">rus</subfield>
    <subfield code="7">ca</subfield>
    <subfield code="a">&#x424;&#x435;&#x434;&#x43E;&#x442;&#x43E;&#x432;</subfield>
    <subfield code="b">&#x410;. &#x410;.</subfield>
    <subfield code="c">&#x433;&#x438;&#x43F;&#x43D;&#x43E;&#x43B;&#x43E;&#x433;</subfield>
    <subfield code="g">&#x410;&#x43D;&#x434;&#x440;&#x435;&#x439; &#x410;&#x43B;&#x435;&#x43A;&#x441;&#x435;&#x435;&#x432;&#x438;&#x447;</subfield>
    <subfield code="3">RU\NLR\auth\7766750</subfield>
    <subfield code="9">49678</subfield>
  </datafield>
  <datafield tag="701" ind1=" " ind2="1">
    <subfield code="4">070</subfield>
    <subfield code="8">rus</subfield>
    <subfield code="7">ca</subfield>
    <subfield code="a">&#x41A;&#x43E;&#x433;&#x430;&#x43D;</subfield>
    <subfield code="b">&#x42D;. &#x412;.</subfield>
    <subfield code="c">&#x433;&#x438;&#x43F;&#x43D;&#x43E;&#x43B;&#x43E;&#x433;</subfield>
    <subfield code="g">&#x42D;&#x43B;&#x43B;&#x430; &#x412;&#x438;&#x43A;&#x442;&#x43E;&#x440;&#x43E;&#x432;&#x43D;&#x430;</subfield>
    <subfield code="3">RU\NLR\auth\7766752</subfield>
    <subfield code="9">49680</subfield>
  </datafield>
  <datafield tag="801" ind1=" " ind2="0">
    <subfield code="a">RU</subfield>
    <subfield code="b">&#x420;&#x413;&#x411;</subfield>
    <subfield code="c">20090311</subfield>
    <subfield code="g">rcr</subfield>
  </datafield>
  <datafield tag="801" ind1=" " ind2="1">
    <subfield code="a">RU</subfield>
    <subfield code="b">&#x420;&#x413;&#x411;</subfield>
    <subfield code="c">20090311</subfield>
  </datafield>
  <datafield tag="801" ind1=" " ind2="2">
    <subfield code="a">RU</subfield>
    <subfield code="b">NLR</subfield>
    <subfield code="c">20090423</subfield>
    <subfield code="g">rcr</subfield>
  </datafield>
  <datafield tag="942" ind1=" " ind2=" ">
    <subfield code="c">BOOK</subfield>
  </datafield>
  <datafield tag="980" ind1=" " ind2=" ">
    <subfield code="a">NB</subfield>
  </datafield>
  <datafield tag="995" ind1=" " ind2=" ">
    <subfield code="5">2009-04-23</subfield>
    <subfield code="a">ad</subfield>
    <subfield code="b">NLR01</subfield>
    <subfield code="c">NLR01</subfield>
    <subfield code="e">RF9</subfield>
    <subfield code="f">1-1148106</subfield>
    <subfield code="k">2009-3/13602</subfield>
    <subfield code="o">0</subfield>
    <subfield code="r">BOOK</subfield>
    <subfield code="s">2009313602_</subfield>
  </datafield>
  <datafield tag="995" ind1=" " ind2=" ">
    <subfield code="5">2009-04-23</subfield>
    <subfield code="a">ad</subfield>
    <subfield code="b">NLR01</subfield>
    <subfield code="c">NLR01</subfield>
    <subfield code="e">RF9</subfield>
    <subfield code="f">2907513</subfield>
    <subfield code="k">2009-3/13602</subfield>
    <subfield code="o">0</subfield>
    <subfield code="r">BOOK</subfield>
    <subfield code="s">2009313602_</subfield>
  </datafield>
</record>
